MARC

Tag First Indicator Second Indicator Subfields
LEADER 00000cam a2200000 i 4500
001 in00003740607
005 20211120181506.0
006 m o d f
007 cr |||||||||||
008 100614s2010 paua ob f000 0 eng c
035 |a (OCoLC)ocn641286955 
040 |a HNC  |b eng  |e rda  |e pn  |c HNC  |d OCLCQ  |d OCLCF  |d OCLCO  |d OCLCQ  |d GPO  |d MvI 
043 |a n-us--- 
049 |a WWW 
074 |a 0499-F-22 (online) 
086 0 |a HE 20.7131:9679 
100 1 |a Cashdollar, Kenneth L.,  |e author. 
245 1 0 |a Recommendations for a new rock dusting standard to prevent coal dust explosions in intake airways /  |c Kenneth L. Cashdollar [and six others]. 
264 1 |a Pittsburgh, PA :  |b Department of Health and Human Services, Public Health Service, Centers for Disease Control and Prevention, National Institute for Occupational Safety and Health, Office of Mine Safety and Health Research,  |c 2010. 
300 |a 1 online resource (59 unnumbered pages) :  |b illustrations. 
336 |a text  |b txt  |2 rdacontent 
337 |a computer  |b c  |2 rdamedia 
338 |a online resource  |b cr  |2 rdacarrier 
490 1 |a Report of investigations ;  |v 9679 
490 1 |a DHHS (NIOSH) publication ;  |v no. 2010-151 
538 |a Mode of access: Internet at the National Institute for Occupational Safety and Health web site. 
500 |a "May 2010." 
504 |a Includes bibliographical references (pages 23-26). 
588 |a Description based on online resource; title from PDF title page (CDC, viewed November 8, 2016). 
650 0 |a Coal mines and mining  |x Dust control  |z United States. 
650 0 |a Coal mines and mining  |z United States  |x Safety measures. 
650 0 |a Mine ventilation  |z United States  |x Equipment and supplies. 
650 0 |a Mine explosions  |z United States  |x Prevention. 
650 0 |a Mineral dusts  |z United States. 
650 7 |a Coal mines and mining  |x Safety measures.  |2 fast  |0 (OCoLC)fst00865441 
650 7 |a Mine explosions  |x Prevention.  |2 fast  |0 (OCoLC)fst01022043 
650 7 |a Mine ventilation  |x Equipment and supplies.  |2 fast  |0 (OCoLC)fst01022198 
650 7 |a Mineral dusts.  |2 fast  |0 (OCoLC)fst01022213 
710 2 |a National Institute for Occupational Safety and Health.  |b Office for Mine Safety and Health Research,  |e issuing body. 
776 0 8 |i Print version:  |a Cashdollar, Kenneth L.  |t Recommendations for a new rock dusting standard to prevent coal dust explosions in intake airways  |w (DLC) 2013464299  |w (OCoLC)893202421 
830 0 |a Report of investigations (National Institute for Occupational Safety and Health) ;  |v 9679. 
830 0 |a DHHS publication ;  |v no. (NIOSH) 2010-151. 
856 4 0 |u https://purl.fdlp.gov/GPO/gpo74335  |t 0 
999 f f |s f0111893-60a3-32ad-afc1-caf3123329fb  |i c9d89129-c8c3-316d-b5f4-e0db3b9ddd99  |t 0 
952 f f |a Texas A&M University  |b College Station  |c Electronic Resources  |d Available Online  |t 0  |e HE 20.7131:9679  |h Superintendent of Documents classification 
998 f f |a HE 20.7131:9679  |t 0  |l Available Online